Cargando...
THEORY CULTURE & SOCIETY
| Formato: | Periodical |
|---|---|
| Publicado: |
CA
SAGE
2013
|
| LEADER | 00267nam a2200097 4500 | ||
|---|---|---|---|
| 022 | |a 0263-2764 | ||
| 245 | |a THEORY CULTURE & SOCIETY | ||
| 260 | |a CA |b SAGE |c 2013 | ||
| 942 | |c PR | ||
| 999 | |c 52073 |d 52073 | ||
| 952 | |0 0 |1 0 |4 0 |7 0 |9 83209 |a MGUL |b MGUL |c PERD |d 2016-08-22 |l 0 |r 2016-08-22 |w 2016-08-22 |y PR | ||